Statistics for Star Wars: Episode II Attack of the Clones A-Z

Click here to take the quiz!

General Stats

  • This quiz has been taken 20 times
  • The average score is 14 of 26

Answer Stats

LetterHintAnswer% Correct
JBoba Fett's FatherJango Fett
94%
DJedi Master who left the order and fell to the dark sideDooku
89%
F"Reach out. Sense the _____ around you"Force
89%
GOrange desert planet home to battle droid factoriesGeonosis
89%
MJedi Master with a purple lightsaberMace Windu
89%
WOn Naboo, Anakin and Padmé have a secret....Wedding
89%
CGrand Army of the Republic's SoldiersClone Trooper
83%
KAquatic planet, its existence was erased from the Jedi recordsKamino
83%
PArchduke of a winged, semi-insectoid species native to an orange desert planet{Poggle} the Lesser
72%
QWhen Anakin slaughters the Tuskens, who's voice can be heard shouting "Anakin, Anakin, no!"Qui-Gon Jinn
72%
LPrime Minister of the aquatic planet mentioned aboveLama Su
61%
TBoba Fett's Father says he was recruited by a man called...Tyranus
61%
ALarge crustacean creature Obi-Wan fights in the arenaAcklay
56%
HWhat does Obi-Wan put on the starship the Slave I?Homing Beacon
56%
NLarge, four-eyed feline Padmé fights in the arenaNexu
56%
SSupreme Chancellor of the Galactic RepublicSheev Palpatine
56%
IBranch of an army consisting of soldiers trained to fight on footInfantry
44%
RLarge, horned beast Anakin fights in the arenaReek
44%
ZShapeshifting bounty hunter who tries to assassinate PadméZam Wesell
44%
USly Moore is a member of this speciesUmbaran
33%
OGambling establishment and nightclub located on the planet Coruscant.{Outlander} Club
28%
BDexter Jettster is this speciesBesalisk
17%
ETries to sell death sticksElan Sel'Sabagno
11%
YJedi Master Agen Kolar's human Padawan who died in the arenaTan {Yuster}
6%
XLuxury airspeeder hot rod Anakin and Obi-Wan ride while in pursuit of a bounty hunter{XJ-6} airspeeder
6%
VA street in the Uscru Entertainment District of Coruscant{Vos Gesal} Street
0%

Score Distribution

Percentile by Number Answered

Percent of People with Each Score

Your Score History

You have not taken this quiz